Beatriz e i corpi celesti : romanzo /
I tiakina i:
| Kaituhi matua: | |
|---|---|
| Ētahi atu kaituhi: | |
| Hōputu: | Pukapuka |
| Reo: | Itāriana |
| I whakaputaina: |
Milano :
TEA,
2009
|
| Putanga: | 4. ed |
| Rangatū: | TEAdue ;
870 |
| Ngā Tūtohu: |
Kāore He Tūtohu, Me noho koe te mea tuatahi ki te tūtohu i tēnei pūkete!
|
MARC
| LEADER | 00000nam a22000007i 4500 | ||
|---|---|---|---|
| 001 | IT\ICCU\RT1\0000955 | ||
| 003 | ItRI | ||
| 005 | 20240410174419.0 | ||
| 008 | 100408s2009 it |||||| ||||| |||||c | ||
| 020 | |a 9788878188389 | ||
| 040 | |b ita |c GP | ||
| 041 | 7 | |a ita |2 ISO-639-2 | |
| 100 | 1 | |a Etxebarría, Lucía |0 IT\ICCU\TO0V\290103 | |
| 240 | 1 | 0 | |a Beatriz y los cuerpos celestes. |9 Etxebarría, Lucía |
| 245 | 1 | 0 | |a Beatriz e i corpi celesti : |b romanzo / |c Lucia Etxebarria ; traduzione di Roberta Bovaia. |
| 250 | |a 4. ed | ||
| 260 | |a Milano : |b TEA, |c 2009 | ||
| 300 | |a 284 p. ; |c 20 cm | ||
| 700 | 1 | |a Bovaia, Roberta |0 IT\ICCU\RAVV\099177 | |
| 830 | 0 | |a TEAdue ; |v 870 |0 IT\ICCU\CFI\0134828 | |
| 942 | |2 ddc |c BK | ||
| 952 | |0 0 |1 0 |2 ddc |4 0 |6 863_640000000000000_ETX |7 1 |9 1203 |a RM |b RM |d 2024-04-10 |l 0 |o 863 64 ETX |p 761 |r 2024-04-10 17:44:40 |w 2024-04-10 |y BK | ||
| 981 | 1 | |6 z01 |a i |b xxxe | |
| 982 | 1 | |6 z01 |a n | |
| 999 | |c 1107 |d 1107 | ||